Medzinárodná ekonomická integrácia v rámci EÚ diplomová práca

Gespeichert in:
Bibliographische Detailangaben
1. Verfasser: Slivková, Ivana
Körperschaft: Obchodná fakulta EU. Katedra medzinárodného obchodu
Weitere Verfasser: Vargová, Andrea
Format: Buch
Sprache:Slowakisch
Veröffentlicht: Bratislava 2012
Tags: Tag hinzufügen
Keine Tags, Fügen Sie das erste Tag hinzu!

MARC

LEADER 00000nbm a2200000 4500
001 0158024
005 20170703072255.7
041 0 |a slo 
044 |a SK 
245 1 0 |a Medzinárodná ekonomická integrácia v rámci EÚ  |b diplomová práca  |c Ivana Slivková ; školiteľ: Andrea Vargová 
264 1 |a Bratislava  |c 2012 
300 |a 74 s. 
100 1 |a Slivková, Ivana 
700 1 |a Vargová, Andrea 
710 2 |a Obchodná fakulta EU. Katedra medzinárodného obchodu